[Event "YUG-ch"]
[Site "Tivat"]
[Date "1994.??.??"]
[Round "8"]
[White "Ivanovic, Bozidar"]
[Black "Vukic, Milan"]
[Result "0-1"]
[WhiteElo "2480"]
[BlackElo "2425"]
[Annotator "Horvath,Ta"]
[PlyCount "118"]
[EventDate "1994.03.??"]
[EventType "tourn"]
[EventRounds "13"]
[EventCountry "YUG"]
[EventCategory "10"]
[SourceTitle "CBM 043"]
[Source "ChessBase"]
[SourceDate "1994.12.01"]
[SourceVersion "1"]
[SourceVersionDate "1994.12.01"]
[SourceQuality "1"]

1. e4 c5 2. Nf3 e6 3. d4 cxd4 4. Nxd4 Nf6 5. Nc3 Nc6 6. Nxc6 bxc6 7. e5 Nd5 8.
Ne4 Qc7 (8... Ba6 $6 9. Bxa6 $1 (9. c4 $6 Bb4+ 10. Bd2 Qh4 11. Qc2 Ne3 12. Qd3
Bxd2+ 13. Nxd2 Nxf1 14. Kxf1 Qf4 15. Re1 d5 $15 {Drozdov-Rakic/Jugoslavia/1993}
) 9... Qa5+ 10. Bd2 Qxa6 11. b3 f5 12. exf6 Nxf6 13. Nxf6+ gxf6 14. Qh5+ Kd8
15. Ba5+ Ke7 16. c4 Rg8 17. Bb4+ d6 18. O-O-O c5 19. Rxd6 $1 $18 {Horvath,
T-Istvandi/Zalaegerszeg/1991}) 9. f4 Qa5+ (9... Qb6 10. c4 Ne3 11. Qd3 Nf5 12.
g4 Nd4 13. b3 (13. Bg2 Bb7 14. b4 $1 {Kasparov}) 13... Bb7 14. Bg2 Rd8 15. Bb2
c5 16. O-O-O (16. O-O d5 $1 17. exd6 Bxd6 18. Rad1 Be7 19. Qe3 O-O 20. Rd2 f5
$1 $17 {Schivocho-Schuspanov/UdSSR/1990}) 16... d5 17. cxd5 {1/2:1/2
Matulovic-Vukic/Jugoslavia/1994}) 10. Kf2 $6 Qb6+ 11. Kf3 f5 (11... c5 12. c4
Nb4 13. Be3 Nc6 $13) 12. exf6 gxf6 13. c4 f5 14. Nf2 Nf6 15. h3 Bb7 16. Be3 c5+
17. Kg3 Qxb2 18. Rb1 Qa3 19. Rb3 Qa6 20. Kh2 Bc6 21. Nd3 Rg8 22. Rg1 (22. Ne5
Ba4 23. Qf3 Rc8 24. Ra3 d6 25. Bd3 dxe5 26. Bc2 $13) 22... d6 $17 23. Qb1 Be7
24. Be2 h5 25. Ne1 h4 26. Nf3 Ne4 27. Ng5 Nxg5 28. fxg5 Be4 29. Qb2 e5 30. Bh5+
Kf8 31. Qf2 Kg7 32. Bf3 Qxc4 33. Qxh4 Rh8 $19 34. Qf2 f4 35. Bc1 Qd5 $6 (35...
Rab8 $1) 36. Qe2 Bxf3 37. Rxf3 Rab8 38. Rb3 Bxg5 39. Ra3 Rhf8 40. Rd1 Qe6 41.
Rb3 (41. Rxa7+ Be7 42. Qh5 Rh8 43. Qg5+ Kf8) 41... c4 42. Ra3 d5 43. Bb2 (43.
Rxa7+ Rf7 44. Rxf7+ Kxf7 45. Qh5+ Qg6 (45... Kf6 $2 46. h4) 46. Qxg6+ Kxg6 47.
Rxd5 Rb1 48. Ba3 Bh4 $19) 43... Bf6 44. Ra5 Rbd8 45. Rxa7+ Kg6 46. Ra5 e4 47.
Bxf6 Kxf6 48. Qb2+ Qe5 49. Ra6+ Kf5 50. Qb7 f3+ 51. Kg1 Kf4 52. Qh7 Ke3 53.
Qa7+ d4 54. Ra3+ Ke2 55. Rf1 e3 56. Qb7 f2+ 57. Kh1 Qf5 (57... Kxf1 58. Qb1+
$10) (57... Rb8 $19) 58. Rxf2+ (58. Qb2+ Kxf1 59. Qc1+ Ke2 60. Qb2+ Kd1 61.
Qa1+ Kc2 $19) 58... Kxf2 59. Qb2+ e2 0-1

[Event "Chebanenco Memorial 1st"]
[Site "Kishinev"]
[Date "1998.02.13"]
[Round "5"]
[White "Bologan, Viktor"]
[Black "Chernov, Vadim A"]
[Result "1/2-1/2"]
[WhiteElo "2580"]
[BlackElo "2405"]
[Annotator "Kostakiev,D"]
[PlyCount "87"]
[EventDate "1998.02.09"]
[EventType "tourn"]
[EventRounds "9"]
[EventCountry "MDA"]
[EventCategory "12"]
[SourceTitle "CBM 064"]
[Source "ChessBase"]
[SourceDate "1998.06.02"]
[SourceVersion "1"]
[SourceVersionDate "1998.06.02"]
[SourceQuality "1"]

1. e4 {Rogozenko} c5 2. Nf3 e6 3. d4 cxd4 4. Nxd4 Nf6 5. Nc3 Nc6 6. Ndb5 {
Fischer recommended that move as the strongest. Positional point of view it is
right: ^^ (2 BB.) give better chances for White! However the Black's tactical
possibiloities are not to be underestimated. More over the isolated pawn d5 as
a thumb rule preferes 2 NN instead of 2 BB. Zjuja Polgar proved that in an
unforgettabl way during tha fight for the World crown against the chiness Xie
June. Th present game is one more ilustration in favor of this oppinion.} Bb4
7. a3 ({Special attention merits:} 7. Bf4 $5 {Here we shall mark in brief only
some of the lines:} Nxe4 8. Nc7+ (8. Qf3 $14 {(1-0) Zawadzka Magdalena-Zimina
Olga/Ch Europe (cadets) (g)1997}) 8... Kf8 9. Qf3 d5 10. O-O-O Bxc3 11. bxc3 e5
(11... g5 {(1-0) Calota Alina-Chyrun Polina/Ch Europe (cadets) (g) (under 1997}
) 12. Nxd5 (12. Nxa8 {0-1 Paraminski,A-Macek,V/ch-CRO (women), Pula CRO 1998 
(19)}) 12... Nf6 $6 $146 (12... Ng5 {-67/236}) 13. Be3 (13. Bg5 Bg4 $1) 13...
Be6 14. Bc5+ Ke8 15. Bc4 $1 {+/- inf 69/167}) 7... Bxc3+ 8. Nxc3 d5 9. exd5
exd5 (9... Nxd5 $6 10. Bd2 $14 {(1-0) Fischer,R-Addison,W/New York ch-US 1962})
10. Bd3 O-O (10... d4 11. Ne2 Bf5 12. O-O (12. Bxf5 Qa5+ 13. b4 Qxf5 14. O-O
O-O-O $132) 12... Bxd3 13. Qxd3 O-O 14. Bg5 $14 {1-0 Karpov,A-Kuzmin,G/
Leningrad 1977/Inf 24 (31)}) 11. O-O d4 (11... h6 $5 12. Bf4 d4 13. Nb5 Nd5 14.
Qf3 Be6 15. Rfe1 a6 $5 (15... Qd7 16. Be5 $1 f6 (16... Rfe8 17. Qg3 Nxe5 18.
Qxe5 $16) (16... Nxe5 17. Rxe5 $16) 17. Bd6 Rfe8 {[#]} 18. Rxe6 $3 Qxe6 19. Bc4
Kh8 20. Qxd5 Qxd5 21. Bxd5 Rad8 22. Bc4 $18 {(33)1-0 Kostakiev,D-Gerasimov,
D1996/ cor ch Bg 1997}) 16. Nd6 Nxf4 17. Qxf4) 12. Ne2 (12. Ne4 Bf5 (12... Nxe4
13. Bxe4 $14 f5 (13... Qf6 $14 {1/2-1/2 Pogonina N-Vasilevich I/Ch Russia 
(cadets) (g) (under 1997 (17)}) 14. Bd3 Re8 15. Re1 Rxe1+ 16. Qxe1 b6) 13. Bg5
Bxe4 14. Bxe4 h6 15. Bxf6 Qxf6 16. Qf3 (16. f4 Rfe8 17. Qd3 Re6 18. g3 Rd8 19.
Rae1 Kf8 20. Re2 Red6 {1/2-1/2 Cunha Pereira Silvio-Rodrigues Adriano Pfull/It
(open), Pouso Alegre (Brazil) 1997}) 16... Qxf3 17. Bxf3 $14 {1/2-1/2 Xie
Jun-Polgar Zsuzsa/WchW Jaen (6)/1996/(27)}) 12... Re8 (12... Qd5 13. Nf4 (13.
c4 dxc3 14. Nxc3 Qa5 15. Bf4 Rd8 16. Qb1 Nd4 17. b4 Qh5 18. Re1 Nf3+ 19. gxf3
Qxf3 20. Re3 Qxf4 21. Qf1 Ng4 22. Rg3 Rxd3 {0-1 Sucharov,V-Alburt,L/USSR (ch)
5/397 1967}) 13... Qd6 14. Nh5 Nxh5 (14... Ng4 15. Bf4 Qd8 16. Ng3 Qh4 17. Nf5
Bxf5 18. Bxf5 Nh6 19. Bg3 Qg5 20. Be4 f5 21. f4 Qg6 22. Bf3 Ng4 23. Qd3 Rad8
24. Rfe1 Kh8 25. Re2 Rfe8 26. Rae1 Re3 27. Qb5 Rxe2 28. Bxe2 Ne3 29. Qd3 h6 30.
Bf3 Re8 31. b4 a6 32. c3 Ng4 33. Rxe8+ Qxe8 34. cxd4 Qd7 35. d5 Ne7 36. h3 Nf6
37. Bh4 Qd6 38. Qd4 b6 39. a4 a5 40. bxa5 bxa5 41. Be1 Nc6 42. Qc4 Ne7 43. Bxa5
Nexd5 44. Qd4 Qe6 45. Bd2 Ne4 46. a5 Nxd2 47. Qxd2 Nf6 48. Kh2 Kh7 49. Qe2 Ne4
50. a6 Qc6 51. a7 Qa4 52. Qe3 h5 53. Bxh5 Qa5 54. Be2 g6 55. Bf3 Nd2 56. Qe7+ {
1-0 Karpov,A-Alburt,L/Daugavpils 1971}) 15. Qxh5 h6 16. Re1 (16. Bd2 Bd7 17.
Rae1 Rfe8 18. f4 Ne7 19. Re5 Bc6 20. Bb4 Qf6 21. Bc4 {0-1 Xie Jun-Polgar,Z (08)
/WchW Jaen ;CBM 52/1996}) 16... Bd7 17. Bd2 (17. g3 Rfe8 18. Bf4 Qf6 19. Qd5
Bh3 20. b4 Rad8 21. Bc7 Rc8 22. b5 Be6 23. Qd6 Re7 24. bxc6 Rexc7 25. cxb7 Rxb7
26. Rab1 Rxb1 27. Rxb1 g6 28. Re1 Kg7 29. Re4 Rd8 30. Qc5 Rd7 31. h4 Qf3 32.
Qe5+ Qf6 33. Qc5 Qf3 34. Rf4 Qd5 35. Qxd5 {1/2-1/2 Anand,V-Smirin,I/New York
Intel Active 1994}) 17... Rfe8 18. Qh4 Ne5 19. Bf4 Qc5 20. Bxe5 Rxe5 21. Rxe5
Qxe5 22. Qe4 Qxe4 23. Bxe4 Re8 24. f3 Bc6 25. Bd3 g6 26. Rd1 Re7 27. Kf2 Kg7
28. Bc4 Rd7 29. Ke2 g5 30. Kd3 g4 31. fxg4 Bxg2 32. Rg1 Bc6 33. Rf1 Kg6 34. h4
b5 35. Bb3 Bd5 36. h5+ Kg7 37. Bxd5 Rxd5 38. Rf4 Rc5 39. Rxd4 Kf6 40. Rf4+ Kg5
41. Rxf7 Kxg4 42. Rxa7 Rxh5 43. c4 Rh2 44. cxb5 Rxb2 45. Kc4 h5 46. Rg7+ Kf5
47. a4 {1-0 Kindermann,S-Fridjonsson,J/VISA GP 1998/CBM 64}) (12... Bg4 13. Bg5
(13. f3 {N; 13.Bf4 - 44/(209)} Bh5 $5 14. Bg5 Qd6 15. Qe1 $14 {/\ Qh4} (15. Nf4
$6 h6 $1 16. Nxh5 hxg5 $11) 15... Bg6 (15... Rfe8 16. Qf2 {/\ Rad1 ><d4}) 16.
Rd1 Rfe8 (16... Bxd3 $2 17. Rxd3 {/\ Qf2, Rfd1+- ><d4}) (16... Rfd8 $5 {
/\ Rd7, Rc8<=> ><c2}) 17. Qf2 Rad8 18. Rd2 Rd7 $6 {1-0 Mokry,K-Stein,B/Gausdal
46/232 1988} (18... Re5 19. Bh4 $14 (19. Bf4 $4 Rxe2 $19) (19. Bxf6 Qxf6 20.
Bxg6 hxg6 $13))) (13. Qd2 Bxe2 14. Qxe2 Re8 15. Qf3 Qb6 16. b3 Ne5 17. Qh3 Nxd3
18. Qxd3 Nd5 19. Bd2 Rac8 20. Rfe1 Red8 21. Re4 Nc3 22. Rh4 Qg6 23. Re1 Qxd3
24. cxd3 h6 25. g3 Kf8 26. Kg2 f6 27. Kf3 Rd5 28. Rc1 Rc6 29. a4 Kf7 30. Bxc3
dxc3 31. Ke2 b5 32. axb5 Rxb5 33. b4 {1/2-1/2 Giaccio,A-Van Riemsdijk,H/Open,
Mar del Plata ARG 1998}) 13... h6 (13... Qd6 14. f3 Bh5 15. Qe1 Bg6 16. Rd1 Nd5
17. Qf2 Nb6 18. Bc1 Rac8 19. b3 Rfd8 20. Bb2 Nd5 21. Nxd4 Bxd3 22. Rxd3 Nf4 23.
Rd2 Nxd4 24. Rxd4 Qg6 25. Rxd8+ Rxd8 26. Kh1 Rc8 27. Rd1 h5 28. Rd2 Re8 29. h3
Qg5 30. h4 Qg6 31. Kh2 Qf5 32. Qxa7 Nxg2 33. Qd4 {1-0 Topalov,V-Sion,M/Leon
1993}) 14. Bh4 g5 $6 (14... Bxe2 {kostakiev,d} 15. Qxe2 Re8 16. Qf3 Qd5 17.
Qxd5 Nxd5 18. Rfe1 Nf4 19. Bf1 g5 20. Bg3 Rxe1 21. Rxe1 Ne6 22. Bc4 Re8 23. f3
Kg7 24. Bd5 Kg6 25. Bf2 a6 26. Kf1 h5 27. Be4+ f5 28. Bxc6 bxc6 29. Bxd4 Kf7
30. Bc3 Rd8 31. Re5 Rd5 32. Rxd5 cxd5 {1-0.62 1-0 ALEXANDROV,G-KARAPACHANSKI,D/
tt - ch Bg Varna 1995/[kostakiev,d]}) 15. Bg3 {1-0 Shmuter,L-Khmelnitsky,I/
Lvov 51/178 [Shmuter 1990} (15. f3)) (12... Ng4 $14 {(1-0) Grabics,M-Abolina,L/
WchJW-U18 Szeged 1994/TD 94}) 13. h3 (13. Bg5 {Rogozenko: Probably the best
move here.} Re5 (13... Bg4 14. f3 Be6 15. Re1 $14 {49-move 1-0 Zozulia,
A-Pothika,L/WchJW U16 1996 (33)}) 14. Bf4 (14. Qd2 Bf5 {In this variation if
Black can exchange light-squares Bishops, then he often equalises easily.} 15.
f4 Rd5 16. Ng3 {Mortensen-Sorokin, Ostrava, 1992} Bxd3 $11) 14... Rd5 15. Ng3 (
15. Re1 Bf5 {1/2-1/2 Kholmov,R-Yanovsky,S/Voskresensk 1992 (47)}) 15... Ne5 $6
(15... h6 $5 $13) 16. Bxe5 Rxe5 17. Qd2 $14 {Kamsky-Lautier, Paris rapid, 1992}
) (13. b4 Bg4 14. f3 $14 {1/2-1/2 Yudasin,L-Sorokin,M/Moskva Alekhine-mem 1992
(44)}) 13... h6 14. b4 (14. Bf4 $5 Qd5 (14... Qb6 $5 15. b3 Bd7 {D.Kostakiev})
15. Re1 (15. Ng3 {Rogozenko} a5 $11) 15... Be6 $14 {(1-0)
Augustaitis-Rogozenko,D/Piarnu 1987 (35)} (15... Bf5 $5)) 14... a5 $1 $146 (
14... Nd5 $14 {(0-1) Balabaev-Rogozenko,D/Dimitrovgrad 1988}) (14... a6 15. Bb2
$14 {1-0 Qin Kanying-Stepovaia Dianchenko Tatiana/Olympiad Manila (Philippines)
1992 (28)}) (14... Qd5 15. Re1 (15. Nf4 $6 Qd6 16. b5 Ne5 17. c3 Nd5 18. Nxd5
Qxd5 (18... Nxd3 19. Qxd3 Qxd5 20. cxd4 Bf5 21. Qg3 Re6 $132) 19. cxd4 Bxh3 $3
20. gxh3 Qxd4 $1 21. Bxh6 Nxd3 22. Be3 Qe4 $15 {analyzis}) 15... Bf5 16. Bb2
Bxd3 17. Qxd3 $14) 15. b5 Ne5 16. Bb2 (16. Nxd4 {Rogozenko} Bxh3 $1 17. gxh3
$140 $4 Qxd4 18. Bh7+ Kxh7 19. Qxd4 Nf3+ $19) 16... Nd5 $1 {[#]} 17. Be4 (17.
Bxd4 Nxd3 18. Qxd3 Rxe2 19. Qxe2 Nf4 20. Qe5 (20. Qe3 {Rogozenko} Qxd4 $15)
20... Qxd4 $1 $11) (17. Nxd4 Nf4 18. Ne6 $5 Bxe6 19. Bxe5 Nxg2 20. Bxg7 Nh4 21.
Bxh6 Bxh3 $15) (17. Rc1 $5 Qe7 $1 (17... Nxd3 $2 18. Qxd3 (18. cxd3 Qg5 19. Kh1
Nf4 20. Nxf4 Qxf4 $14) 18... Qg5 19. Rfe1 $16) 18. Nxd4 Nf4 19. Kh1 Qg5 20. Rg1
Qh4 21. Qf1 Nxh3 22. gxh3 Bxh3 23. Rg2 Rad8 $17) 17... Nf6 (17... f5 18. Bxd5+
Qxd5 19. Qxd4 $16) 18. Bd3 Nd5 19. Kh1 {[#]} Qh4 $4 ({Black missed a strong,
beutiful and deciesive strike:} 19... Bg4 $1 20. Re1 (20. hxg4 $2 Qh4+ 21. Kg1
Nxg4 $19) 20... Qh4 21. Qd2 (21. Be4 Nf4 22. Qxd4 Nxh3 $19) 21... Nf3 $19) 20.
Ng1 (20. Nxd4 Bg4 (20... Bxh3 {Rogozenko} 21. gxh3 Qxh3+ 22. Kg1 Nf4 23. Be4
Ng4 $19) 21. Qd2 Bxh3 22. gxh3 Qxh3+ 23. Kg1 Qg4+ 24. Kh2 Nc4 $1 25. Qxh6 $5 (
25. Bxc4 $2 Re5 $19) 25... gxh6 26. Rg1 Ne5 27. Bf5 Qxg1+ 28. Rxg1+ {analysis
- D.Kostakiev}) 20... Bg4 $1 21. Qd2 (21. Be2 {Rogozenko} Bxe2 22. Nxe2 (22.
Qxe2 Nc3 {-game}) 22... Nc4 $36) 21... Nf3 (21... Rad8 $5 22. Qxa5 Nf4 $5 (
22... Nf3 $5 23. Qa7 Nxg1 24. Kxg1 Bxh3 25. Qxd4 Qxd4 26. Bxd4 Bxg2 $1 27. Rfe1
Bf3 28. Rxe8+ Rxe8 29. Kh2 Nf4 30. Rg1 g5 $15) 23. Rae1 Nfxd3 24. cxd3 Nxd3 25.
Rxe8+ Rxe8 26. Qd2 Bf5 27. Nf3 Qe4 $15) 22. Qd1 (22. Bh7+ Kh8 (22... Kxh7 23.
Qd3+ Kg8 24. Nxf3 Bxf3 25. Qxf3 Re4 26. Rae1 $14) 23. Nxf3) (22. gxf3 $2 {
Rogozenko} Bxh3 23. Nxh3 Qxh3+ 24. Kg1 Re5 $19) 22... Ne5 $15 (22... Nxg1 23.
Qxg4 Qxg4 24. hxg4 Ne2 $11) 23. Be2 (23. Qd2 Rad8 24. Qxa5 $6 Nf4 $44) 23...
Bxe2 24. Qxe2 $1 (24. Nxe2 Nc4 25. Bxd4 Rxe2 26. Qxe2 Qxd4 $15) 24... Nc3 25.
Bxc3 dxc3 26. f4 (26. Rae1 Qa4 $15 (26... Re6 $1 {Rogozenko})) 26... Ng6 27.
Qf3 b6 (27... Qf6 28. Rad1 Re7 29. Ne2 Rae8 30. Nxc3 Nxf4 31. Na4 $11 (31. Qxf4
$2 Qxc3 $17)) 28. Ne2 (28. Qxc3 $5 Rac8 (28... Nxf4 29. Qf3 (29. g3 $2 Ne2 $1
$17) 29... Nh5 30. Qxf7+ Kh8 31. Rf3) 29. Qd2 Re4 (29... Rc4 $140 {Rogozenko}
30. f5) 30. f5 Nf4 31. Rad1 $14) (28. Rad1 Qf6 29. f5 Ne7 $11) 28... Rac8 29.
Rad1 (29. Nxc3 Qxf4 (29... Nxf4 {Rogozenko}) 30. Rad1 Qxf3 31. Rxf3 Ne5 $15)
29... Qe7 30. Ng3 (30. Nd4 Qxa3 31. Rd3 Qb4 32. Rfd1 Rcd8 $17) (30. Nxc3 Qxa3
$17) 30... Qxa3 {[#]} 31. Nh5 (31. Ne4 Red8 (31... Re7 $2 32. f5 Ne5 33. Qg3
$16) 32. Rxd8+ Rxd8 33. f5 Ne5 34. Qg3 Nc4 $11) 31... Qe7 32. Nxg7 (32. f5 Ne5
33. Qg3 Qg5 $15) 32... Kxg7 $11 33. f5 Qf6 34. fxg6 Qxf3 35. Rxf3 Kxg6 (35...
Re2 36. gxf7 Rxc2 37. f8=Q+ (37. Rd7 Rf8 $15) 37... Rxf8 $11) 36. Rd7 Re2 (
36... Rc5 $5 {Rogozenko} 37. Rdxf7 Rxb5) 37. Rdxf7 Rxc2 38. R7f6+ Kg7 39. Rc6
Rxc6 40. bxc6 Re2 (40... Rc1+ 41. Kh2 c2 42. Rc3 $14) 41. Rg3+ Kf7 42. Rxc3 Re8
43. Rb3 Rb8 44. c7 1/2-1/2

[Event "Geneve op"]
[Site "Geneve"]
[Date "1994.??.??"]
[Round "4"]
[White "Hector, Jonny"]
[Black "Krasenkow, Michal"]
[Result "0-1"]
[WhiteElo "2515"]
[BlackElo "2565"]
[Annotator "Krasenkow,M"]
[PlyCount "96"]
[EventDate "1994.01.??"]
[EventType "swiss"]
[EventRounds "9"]
[EventCountry "SUI"]
[SourceTitle "CBM 041"]
[Source "ChessBase"]
[SourceDate "1994.08.01"]
[SourceVersion "1"]
[SourceVersionDate "1994.08.01"]
[SourceQuality "1"]

1. e4 c5 2. Nf3 e6 3. d4 cxd4 4. Nxd4 Nf6 5. Nc3 Nc6 6. Be3 Bb4 7. Bd3 d5 8.
Nxc6 bxc6 9. e5 d4 10. exf6 dxc3 $6 (10... dxe3 $142) 11. b3 $1 Qxf6 12. O-O e5
13. Qh5 $1 {N;13.f4-Inf.33/253} h6 (13... g6 14. Qh6 Bf8 15. Bg5 $36) 14. f4 $1
e4 $8 15. Bxe4 O-O 16. Rad1 $1 Qe7 17. Qe5 Qxe5 18. fxe5 Bg4 19. Rd4 $6 (19.
Rde1 Bd7 $14) (19. Ra1 $5) 19... c5 20. Rd6 (20. Rxb4 $5 cxb4 21. Rf4 Bd1 22.
Bxa8 Rxa8 23. Rxb4 Bxc2 24. Rc4 Bb1 25. a3 c2 $14) 20... Rae8 21. Rd5 Rc8 22.
Rf4 $5 Be6 23. Rd6 c4 24. Bxa7 $5 cxb3 25. axb3 Bxd6 26. exd6 Bxb3 (26... g5 $5
27. Rf3 f5 {<=>>>}) 27. cxb3 (27. d7 Rc7 28. Bb6 Rxd7 29. cxb3 Rb8 $15) 27...
c2 28. Bxc2 Rxc2 29. Rd4 Rd8 30. Bb6 Rd7 31. Bc7 $6 (31. b4 $142 {/\Bc5}) 31...
Rb2 $6 (31... f5 $142) 32. Rb4 f5 33. Rb8+ Kf7 34. b4 f4 35. b5 g5 36. h3 (36.
b6 $142) 36... h5 37. b6 g4 38. Rh8 $1 {<=>><h5,f4} g3 39. Kf1 Rf2+ (39... Kg6
40. Rf8 $1) 40. Ke1 $5 {(+)} (40. Kg1 $10) 40... f3 $1 41. gxf3 Rxf3 42. b7 g2
43. Rf8+ $6 (43. Bb6 Rf1+ 44. Ke2 Rxb7 45. Rh7+ Ke6 46. Rxb7 g1=Q 47. Bxg1 Rxg1
$10) 43... Kg6 44. Rg8+ Rg7 45. Rxg7+ Kxg7 46. Bb6 Rb3 $1 (46... Rf8 $4 47. Ba7
$1 Kg6 (47... Rb8 48. d7) 48. Ke2 {/\d7,Bc5+-}) 47. Kf2 $4 (47. b8=Q g1=Q+ 48.
Bxg1 Rxb8 49. Kf1 $10 {_|_}) 47... Rxb6 48. d7 Rf6+ 0-1